Administración en las organizaciones: enfoque de sistemas y de contingencias
Gardado en:
| Main Authors: | , |
|---|---|
| Formato: | Libro |
| Idioma: | Lingua castelá |
| Publicado: |
Ciudad de México
McGraw-Hill
1979
|
| Subjects: | |
| Tags: |
Engadir etiqueta
Sen Etiquetas, Sexa o primeiro en etiquetar este rexistro!
|
MARC
| LEADER | 00000nam a2200000 a 4500 | ||
|---|---|---|---|
| 001 | UCR8599 | ||
| 003 | CL-VaPUC | ||
| 008 | 980529e19790000MX |||||||||||||||||spa|d | ||
| 082 | 0 | 4 | |a 658 |b KAS |2 21 |
| 100 | |a Kast, Freemont Ellsworth |e author |9 412195 | ||
| 700 | 0 | |a Rosenzweig, James Erwin |e author |9 410561 | |
| 245 | 1 | 0 | |a Administración en las organizaciones: enfoque de sistemas y de contingencias |
| 300 | |a 699 p | ||
| 942 | |c BK | ||
| 945 | |d 19980529 00:00:00 |a crobeson | ||
| 260 | |a Ciudad de México |b McGraw-Hill |c 1979 | ||
| 650 | 0 | |a Administración de empresas |9 260833 | |
| 650 | 0 | |a Gestión |9 260993 | |
| 650 | 0 | |a Metodología |9 256610 | |
| 650 | 0 | |a Organización |9 256369 | |
| 583 | |a last modification |c 19980529 00:00:00 |k Rodrigo Vera | ||
| 999 | |c 269997 |d 269995 | ||
| 952 | |0 0 |1 0 |4 0 |6 658_000000000000000_KAS_1979 |7 0 |8 P |9 304092 |a BIBGIM |b BIBGIM |d 2019-11-20 |i 1403265 |o 658 KAS 1979 |p 1403265 |r 2025-01-15 |w 2019-11-20 |y BK |k COM | ||
| 952 | |0 0 |1 0 |4 0 |6 658_000000000000000_KAS_1979 |7 0 |8 P |9 304093 |a BIBGIM |b BIBGIM |d 2019-11-20 |i 1403273 |o 658 KAS 1979 |p 1403273 |r 2025-01-15 |w 2019-11-20 |y BK |k COM | ||
| 952 | |0 0 |1 0 |4 0 |6 658_000000000000000_KAS_1979 |7 0 |8 P |9 304094 |a BIBGIM |b BIBGIM |d 2019-11-20 |i 1403389 |o 658 KAS 1979 |p 1403389 |r 2025-01-15 |w 2019-11-20 |y BK |k COM | ||